Formas de cultivo de la vid y modalidades de distribución de los productos fitosanitarios
Saved in:
| Main Authors: | , |
|---|---|
| 格式: | 图书 |
| 语言: | 西班牙语 |
| 出版: |
Valencia
Bayer Crop-Science SL
2004
Madrid Mundi-Prensa 2004 |
| 版: | 1a. ed |
| 主题: | |
| 标签: |
添加标签
没有标签, 成为第一个标记此记录!
|
MARC
| LEADER | 00000cam a2200000 a 4500 | ||
|---|---|---|---|
| 001 | UCC0542 | ||
| 003 | CL-VaPUC | ||
| 008 | 170818e20040000sp |||||||||||||||||spa|d | ||
| 020 | |a 8484761738 | ||
| 082 | 0 | 4 | |a 634.88 |b BAL |2 21 |
| 100 | 0 | |a Balsari, Paolo |e author |9 594538 | |
| 700 | 0 | |a Scienza, Attilio |e author |9 594539 | |
| 245 | 1 | 0 | |a Formas de cultivo de la vid y modalidades de distribución de los productos fitosanitarios |
| 250 | |a 1a. ed | ||
| 300 | |a 339 p | ||
| 942 | |c BK | ||
| 945 | |d 20170818 15:36:00 |a dcastane | ||
| 260 | |a Valencia |b Bayer Crop-Science SL |c 2004 | ||
| 260 | |a Madrid |b Mundi-Prensa |c 2004 | ||
| 650 | 0 | |a Vid |9 264784 | |
| 650 | 0 | |a Industria vitivinícola |9 426235 | |
| 650 | 7 | |a CALIDAD DEL PRODUCTO |2 CL-VaPUC |9 428514 | |
| 650 | 0 | |a Maduración de la vid |9 594540 | |
| 583 | |a last modification |c 20170818 15:36:00 |k Rodrigo Vera | ||
| 999 | |c 369351 |d 369349 | ||
| 952 | |0 0 |1 0 |3 erd |4 0 |6 634_880000000000000_BAL_2004_2004 |7 0 |8 A |9 485107 |a BIBAGR |b BIBAGR |i 5416418 |o 634.88 BAL 2004 2004 |p 5416418 |r 2025-01-20 |w 2019-11-24 |y BK |z Catalogado en:20170818 |k AGR | ||
| 952 | |0 0 |1 0 |3 erd |4 0 |6 634_880000000000000_BAL_2004_2004 |7 0 |8 A |9 485108 |a BIBAGR |b BIBAGR |i 541640K |o 634.88 BAL 2004 2004 |p 541640K |r 2025-01-20 |w 2019-11-24 |y BK |z Catalogado en:20170818 |k AGR | ||